000 00760nam a22002057a 4500
999 _c63860
_d63860
005 20260209115946.0
008 260209s2026 gw ||||| |||| 00| 0 goh d
020 _a9783126071734
041 _agoh
080 _a811.112.1 N-46
245 _aNetzwerk neu B1 :
_bÜbungsbuch mit Audios /
_cStefanie Dengler, Paul Rusch, Helen Schmitz. Tanja Sieber,
264 _aShuttgart :
_bErnst Klett Sprachen,
_c2026.
300 _a160 p.:
_b ill.
_c29 cm.
653 _aგერმანული ენა
700 _aDengler, Stefanie
_eავტორი
_926827
700 _aRusch, Paul
_eავტორი
_926828
700 _aSchmitz, Helen
_eავტორი
_926829
700 _aMayr,Tanja
_eავტორი
_926830
942 _2udc
_cᲬᲘᲒᲜᲘ